banner-ar

تطور الحركة النقابية : (Record no. 66728)

MARC details
000 -الفاتح
حقل البيانات ثابتة الطول 00818nam a22002177a 4500
005 - وقت وتاريخ اخر تعامل مع التسجيلة
رقم الضبط 20240530110935.0
008 - عناصر البيانات ثابتة الطول - معلومات عامة
حقل البيانات ثابتة الطول 191125s1993 ua f b 000 0 ara d
017 ## - رقم الايداع القانونى
رقم الايداع القانونى 1992/9127
المصدر ( الهيئة المختصة) مصر. دار الكتب
020 ## - الرقم الدولى المعيارى للكتب
الرقم الدولى المعيارى للكتاب 9770131768
040 ## - مصدر الفهرسة
وكالة الفهرسة الأصلية EG-CaGPL
وكالة النسخ EG-CaGPL
082 04 - رقم تصنيف ديوى العشرى
رقم الطبعة 21
رقم التصنيف 379
رقم المادة ق/م ت
100 0# - المدخل الرئيسى - إسم شخصى
الإسم الشخصى محمد ابوالاسعاد
245 10 - بيان العنوان
العنوان تطور الحركة النقابية :
بقية العنوان للمعلمين المصريين 1951-1981/
بيان المسئوليه,etc محمد ابوالاسعاد
260 ## - PUBLICATION, DISTRIBUTION, ETC. (IMPRINT)
تاريخ النشر أو التوزيع 1993
300 ## - الوصف المادى
التعداد 119ص. :
تفاصيل ماديه اخرى للوعاء ايض. ؛
أبعاد الوعاء 24 سم.
650 07 - المدخل الاضافى بالموضوع-مصطلح موضوعى
مصدر الرأس أو المصطلح qrmak
مصطلح موضوعي النقابات المهنية
التقسيم الفرعي الجغرافي مصر
650 07 - المدخل الاضافى بالموضوع-مصطلح موضوعى
مصطلح موضوعي نقابة المعلمين
651 ## - المدخل الاضافى بالموضوع - اسم جغرافى
مصدر الرأس أو المصطلح qrmak
942 ## - عناصر المدخل الإضافي( كوها)
مصدر التصنيف او مخطط الترفيف Dewey Decimal Classification
Koha [default] item type كتاب
260 ## - PUBLICATION, DISTRIBUTION, ETC. (IMPRINT)
-- القاهرة :
-- الهيئة المصرية العامة للكتاب،
Holdings
حالة التراجع حالة الفقد حالة تلف ليس للاعارة المكان المؤقت الموقع الحالى تاريخ الاكتساب اجمالي اﻻعارات رقم الطلب الباركود تاريخ اخر مشاهدة تاريخ تفعيل السعر نوع وعاء كوها
        مكتبة القاهرة الكبرى مكتبة القاهرة الكبرى 10/03/2022   379 ق/م ت 168558 10/03/2022 10/03/2022 كتاب
        مكتبة القاهرة الكبرى مكتبة القاهرة الكبرى 10/03/2022   379 ق/م ت 168559 10/03/2022 10/03/2022 كتاب

Powered By

EGPV